00573nam a22001337a 4500008004100000082001800041245018600059260003700245300001000282710002400292942001200316999001300328952009800341230609b xxu||||| |||| 00| 0 eng d a354.6200bGOK aReport of the Auditor-General on the Appropriation Accounts Other Public Accounts and the Accounts of the funds of the Republic of Kenya for the year 2010/2011ccGovernment of Kenya aKenyabGovernment of Kenyac2011 a800 p bGovernment of Kenya 2ddccBK c989d989 00102ddc4070a001b001d2023-06-09l0o354.6200 GOKp100001495r2023-06-09w2023-06-09yBK